Biggest Cities in the United States in 1870 - Statistics

General Stats
  • This quiz has been taken 10 times
  • The average score is 83 of 100
Answer Stats
Population State City % Correct
69,422 NY Albany
100%
267,354 MD Baltimore
100%
250,526 MA Boston
100%
396,099 NY Brooklyn
100%
117,714 NY Buffalo
100%
48,956 SC Charleston
100%
298,977 IL Chicago
100%
216,239 OH Cincinnati
100%
92,892 OH Cleveland
100%
31,274 OH Columbus
100%
79,577 MI Detroit
100%
37,180 CT Hartford
100%
48,244 IN Indianapolis
100%
82,546 NJ Jersey City
100%
32,260 MO Kansas City
100%
40,226 TN Memphis
100%
71,440 WI Milwaukee
100%
32,034 AL Mobile
100%
25,865 TN Nashville
100%
191,418 LA New Orleans
100%
942,292 NY New York
100%
674,022 PA Philadelphia
100%
86,076 PA Pittsburgh
100%
68,904 RI Providence
100%
51,038 VA Richmond
100%
149,473 CA San Francisco
100%
310,864 MO St. Louis
100%
22,874 NJ Trenton
100%
109,199 DC Washington
100%
21,789 GA Atlanta
88%
15,389 GA Augusta
88%
18,969 CT Bridgeport
88%
39,634 MA Cambridge
88%
20,038 IA Davenport
88%
30,473 OH Dayton
88%
20,832 NJ Elizabeth
88%
19,646 PA Erie
88%
21,830 IN Evansville
88%
26,766 MA Fall River
88%
17,718 IN Fort Wayne
88%
16,507 MI Grand Rapids
88%
23,104 PA Harrisburg
88%
20,297 NJ Hoboken
88%
100,753 KY Louisville
88%
40,928 MA Lowell
88%
28,233 MA Lynn
88%
23,536 NH Manchester
88%
105,059 NJ Newark
88%
21,320 MA New Bedford
88%
50,840 CT New Haven
88%
15,087 KY Newport
88%
19,229 VA Norfolk
88%
16,083 NE Omaha
88%
22,849 IL Peoria
88%
31,413 ME Portland
88%
20,080 NY Poughkeepsie
88%
24,052 IL Quincy
88%
62,386 NY Rochester
88%
16,283 CA Sacramento
88%
20,030 MN Saint Paul
88%
24,117 MA Salem
88%
28,235 GA Savannah
88%
35,092 PA Scranton
88%
26,703 MA Springfield
88%
17,364 IL Springfield
88%
43,051 NY Syracuse
88%
30,841 DE Wilmington
88%
41,105 MA Worcester
88%
18,289 ME Bangor
75%
20,045 NJ Camden
75%
20,233 PA Lancaster
75%
28,921 MA Lawrence
75%
33,579 NJ Paterson
75%
33,930 PA Reading
75%
19,565 MO St. Joseph
75%
31,584 OH Toledo
75%
46,465 NY Troy
75%
28,804 NY Utica
75%
19,280 WV Wheeling
75%
53,180 PA Allegheny
63%
17,225 NY Auburn
63%
14,930 IA Burlington
63%
18,547 MA Chelsea
63%
24,505 KY Covington
63%
15,863 NY Elmira
63%
17,014 NY Newburgh
63%
18,950 VA Petersburg
63%
28,323 MA Charlestown
50%
18,434 IA Dubuque
50%
15,389 MA Gloucester
50%
15,396 IN New Albany
50%
15,058 NJ New Brunswick
50%
20,495 RI North Providence
50%
16,653 CT Norwich
50%
20,910 NY Oswego
50%
18,629 MA Taunton
50%
16,103 IN Terre Haute
50%
16,030 PA Williamsport
50%
15,357 NY Cohoes
38%
17,873 KS Leavenworth
38%
No matching quizzes found
Score Distribution
Percent of People with Each Score
Percentile by Number Answered
Your Score History
You have not taken this quiz